[Event "Panamericano Continental Femenino 2014"]
[Site "Centro de Convenciones. Palmira - Valle del Cauca - Colombia"]
[Date "2014.09.03"]
[Round "5"]
[White "Rivera Banqueth, Ingris"]
[Black "Perez Rodriguez, Jennifer"]
[Result "1/2-1/2"]
[WhiteElo "2221"]
[BlackElo "2225"]
[EventDate "2014.09.01"]
[Board "2"]
[PlyCount "108"]
[EventRounds "9"]
[EventCountry "COL"]

1.d4 Nf6 2.Bg5 Ne4 3.Bf4 d5 4.Nd2 Nxd2 5.Qxd2 e6 6.Nf3 Bd6 7.Bxd6 Qxd6 8.
e3 Nd7 9.c4 c6 10.Bd3 O-O 11.O-O dxc4 12.Bxc4 e5 13.Rad1 e4 14.Ne1 Nb6 15.
Bb3 Be6 16.f3 Bxb3 17.axb3 f5 18.Nc2 Rae8 19.Qa5 Qd5 20.Qc3 Qe6 21.Rf2 
exf3 22.Rxf3 Nd5 23.Qc5 Qe4 24.Rd2 a6 25.Rdf2 Rf6 26.Qc4 Kh8 27.Qf1 Ref8 
28.g3 g5 29.h3 Kg7 30.Qg2 h5 31.Re2 g4 32.hxg4 hxg4 33.Rf1 Qxg2+ 34.Kxg2 
Re8 35.Kf2 Rfe6 36.Rh1 Nf6 37.Kg2 Kg6 38.Ree1 Nd5 39.Kf2 Nf6 40.Kg2 R8e7 
41.Rh4 Rh7 42.Rxh7 Kxh7 43.Rh1+ Kg7 44.Rf1 Kg6 45.Rh1 Re7 46.Rh8 Re8 47.
Rxe8 Nxe8 48.Nb4 Nf6 49.Nd3 Ne4 50.Nf4+ Kf6 51.b4 Nd6 52.Kf2 Ne4+ 53.Kg2 
Nd6 54.Kf2 Ne4+ 1/2-1/2

[Event "Panamericano Continental Femenino 2014"]
[Site "Centro de Convenciones. Palmira - Valle del Cauca - Colombia"]
[Date "2014.09.03"]
[Round "5"]
[White "Franco Valencia, Angela"]
[Black "Llaudy Pupo, Lisandra"]
[Result "1-0"]
[WhiteElo "2208"]
[BlackElo "2235"]
[EventDate "2014.09.01"]
[Board "3"]
[PlyCount "47"]
[EventRounds "9"]
[EventCountry "COL"]

1.e4 c5 2.Nf3 Nf6 3.e5 Nd5 4.d4 cxd4 5.Bc4 Nb6 6.Bb3 Nc6 7.O-O e6 8.c3 d5 
9.cxd4 Be7 10.a3 Nd7 11.Nc3 b6 12.Re1 a5 13.Nxd5 exd5 14.Bxd5 Ndb8 15.Be4 
Bb7 16.d5 Na7 17.d6 Bxe4 18.Rxe4 Qd7 19.Qe2 Bd8 20.e6 fxe6 21.Rxe6+ Kf8 
22.Bg5 Nbc6 23.Re1 Bxg5 24.Nxg5 1-0

[Event "Panamericano Continental Femenino 2014"]
[Site "Centro de Convenciones. Palmira - Valle del Cauca - Colombia"]
[Date "2014.09.03"]
[Round "5"]
[White "Richards, Deborah"]
[Black "Dominguez Barrios, Laura Lucia"]
[Result "0-1"]
[WhiteElo "2042"]
[BlackElo "1915"]
[EventDate "2014.09.01"]
[Board "4"]
[PlyCount "55"]
[EventRounds "9"]
[EventCountry "COL"]

1.d4 Nf6 2.c4 g6 3.Nc3 Bg7 4.e4 d6 5.Nf3 O-O 6.Be2 e5 7.O-O Nc6 8.d5 Ne7 
9.Ne1 Nd7 10.Be3 f5 11.f3 f4 12.Bf2 g5 13.a4 a5 14.Nd3 Ng6 15.c5 Nf6 16.
cxd6 cxd6 17.Nb5 h5 18.Rc1 Rf7 19.Rc3 Ne8 20.Qc2 g4 21.Rc1 Bd7 22.Nc7 Nxc7
23.Rxc7 Bxa4 24.Qc3 Bd7 25.Kh1 g3 26.Bg1 gxh2 27.Bxh2 Bh3 28.gxh3 0-1

[Event "Panamericano Continental Femenino 2014"]
[Site "Centro de Convenciones. Palmira - Valle del Cauca - Colombia"]
[Date "2014.09.03"]
[Round "5"]
[White "Franco Valencia, Beatriz Irene"]
[Black "Rua, Nora"]
[Result "1-0"]
[WhiteElo "2204"]
[BlackElo "1943"]
[EventDate "2014.09.01"]
[Board "5"]
[PlyCount "79"]
[EventRounds "9"]
[EventCountry "COL"]

1.d4 Nf6 2.c4 c5 3.d5 e6 4.Nc3 exd5 5.cxd5 d6 6.e4 g6 7.f4 Bg7 8.Bb5+ Nfd7
9.Nf3 O-O 10.a4 Na6 11.O-O Nc7 12.Bd3 Nf6 13.h3 Re8 14.Re1 Rb8 15.Bc4 a6 
16.e5 Nh5 17.g4 b5 18.Ba2 Ng3 19.Kg2 b4 20.Nb1 Nh5 21.gxh5 Qd7 22.e6 fxe6 
23.dxe6 Qe7 24.hxg6 hxg6 25.Qd3 Bb7 26.Nd2 d5 27.Ng5 Qf6 28.Ndf3 c4 29.Qe2
Re7 30.Ne5 Nxe6 31.Nxe6 Rxe6 32.Qf2 Rd8 33.Kh2 Qe7 34.Qg3 Rdd6 35.h4 Bc6 
36.a5 Be8 37.Bd2 b3 38.Bb1 Bxe5 39.fxe5 Rd8 40.Bg5 1-0

[Event "Panamericano Continental Femenino 2014"]
[Site "Centro de Convenciones. Palmira - Valle del Cauca - Colombia"]
[Date "2014.09.03"]
[Round "5"]
[White "Bermudez Veliz, Josselyn"]
[Black "Cardoso Cardoso, Jaidy Marcela"]
[Result "1-0"]
[WhiteElo "1733"]
[BlackElo "1708"]
[EventDate "2014.09.01"]
[Board "6"]
[PlyCount "93"]
[EventRounds "9"]
[EventCountry "COL"]

1.Nf3 d5 2.d4 e6 3.Bf4 Nf6 4.e3 Bd6 5.Ne5 O-O 6.Bd3 Nbd7 7.Nd2 c5 8.Nxf7 
Rxf7 9.Bxd6 Qb6 10.Bxc5 Nxc5 11.dxc5 Qxb2 12.O-O Qc3 13.Nb3 Nd7 14.Qe1 Qf6
15.Qb4 Qe7 16.a3 Ne5 17.Be2 Nc6 18.Qd2 a5 19.a4 Qg5 20.Bb5 Nb4 21.Nd4 e5 
22.f4 exf4 23.exf4 Qh6 24.Rae1 Bf5 25.Re8+ Rxe8 26.Bxe8 Rf8 27.Nxf5 Rxf5 
28.c3 Nc6 29.g4 Rf8 30.Qxd5+ Kh8 31.Bxc6 bxc6 32.Qd6 Qxd6 33.cxd6 Rd8 34.
Rd1 Kg8 35.c4 c5 36.Rd5 Kf7 37.Rxc5 Rxd6 38.Rxa5 Rd4 39.Rc5 Rxf4 40.Rf5+ 
Rxf5 41.gxf5 Ke7 42.Kf2 Kd6 43.Ke3 Kc5 44.a5 Kc6 45.Kd4 Kb7 46.Kd5 Ka6 47.
Kd6 1-0

[Event "Panamericano Continental Femenino 2014"]
[Site "Centro de Convenciones. Palmira - Valle del Cauca - Colombia"]
[Date "2014.09.04"]
[Round "6"]
[White "Rivera Banqueth, Ingris"]
[Black "Mateus Urbano, Martha"]
[Result "0-1"]
[WhiteElo "2221"]
[BlackElo "2127"]
[EventDate "2014.09.01"]
[Board "1"]
[PlyCount "94"]
[EventRounds "9"]
[EventCountry "COL"]

1.d4 d5 2.c4 e6 3.Nc3 Nf6 4.Nf3 c6 5.e3 Nbd7 6.Bd3 dxc4 7.Bxc4 b5 8.Be2 a6
9.O-O Bb7 10.a3 c5 11.b3 cxd4 12.Nxd4 Be7 13.Bf3 Qb6 14.Bb2 O-O 15.Rc1 
Rfd8 16.Qe2 Nc5 17.b4 Ncd7 18.Nb1 Bxf3 19.gxf3 Rac8 20.Nd2 e5 21.Nf5 Qe6 
22.Nxe7+ Qxe7 23.Nb3 Nd5 24.Na5 Qe6 25.Kh1 N7b6 26.Nb7 Re8 27.Nc5 Qh3 28.
Rg1 Nc4 29.Rg3 Qh4 30.Rcg1 g6 31.Bc1 Rc6 32.Qd3 Nf6 33.Qf1 Nd5 34.Rg5 Qh6 
35.Qg2 Qf8 36.f4 Rd6 37.fxe5 Rxe5 38.Rxe5 Nxe5 39.e4 Nb6 40.Bf4 Nbc4 41.
Qg3 Qe7 42.Rc1 Rd8 43.a4 Ra8 44.Bxe5 Qxe5 45.a5 Qb2 46.Qf4 Qxb4 47.Nd7 Qd2
0-1

[Event "Panamericano Continental Femenino 2014"]
[Site "Centro de Convenciones. Palmira - Valle del Cauca - Colombia"]
[Date "2014.09.04"]
[Round "6"]
[White "Romero Echeverria, Abigail"]
[Black "Franco Valencia, Beatriz Irene"]
[Result "0-1"]
[WhiteElo "2089"]
[BlackElo "2204"]
[EventDate "2014.09.01"]
[Board "2"]
[PlyCount "128"]
[EventRounds "9"]
[EventCountry "COL"]

1.e4 d6 2.d4 Nf6 3.Nc3 g6 4.Nf3 Bg7 5.h3 c6 6.a4 a5 7.Be3 Na6 8.Nd2 Nb4 9.
Be2 O-O 10.O-O Ne8 11.Nc4 d5 12.exd5 cxd5 13.Ne5 f6 14.Nf3 Bf5 15.Rc1 Rc8 
16.Nh4 Be6 17.Nb5 Bf7 18.c3 Nc6 19.Nf3 Nd6 20.b3 Nf5 21.Bd2 h6 22.c4 Qd7 
23.Qe1 e5 24.dxe5 fxe5 25.cxd5 Bxd5 26.Bc4 Kh7 27.Bxd5 Qxd5 28.Nc3 Qe6 29.
Ne4 Kh8 30.Bxa5 Qxb3 31.Nc5 Qd5 32.Bb6 Ncd4 33.Nxd4 Nxd4 34.Qe3 Rf6 35.a5 
Rxb6 36.axb6 Rxc5 37.Rcd1 Rc2 38.Rfe1 Qc6 39.h4 Qxb6 40.Qd3 Qf6 41.Rd2 
Rxd2 42.Qxd2 Qxh4 43.Ra1 Qe4 44.Ra8+ Kh7 45.Qa2 h5 46.f3 Qe3+ 47.Kf1 Nf5 
48.Qf2 Qxf2+ 49.Kxf2 b5 50.g4 hxg4 51.fxg4 Nd4 52.g5 Ne6 53.Rb8 Nxg5 54.
Rxb5 Kh6 55.Rb1 Ne6 56.Rb6 Nf4 57.Kf3 Kg5 58.Ke4 Ne2 59.Rb3 Kg4 60.Rb6 
Ng3+ 61.Ke3 Bh6+ 62.Kf2 Ne4+ 63.Ke2 Kf5 64.Rb8 Bf4 0-1

[Event "Panamericano Continental Femenino 2014"]
[Site "Centro de Convenciones. Palmira - Valle del Cauca - Colombia"]
[Date "2014.09.04"]
[Round "6"]
[White "Dominguez Barrios, Laura Lucia"]
[Black "Franco Valencia, Angela"]
[Result "1/2-1/2"]
[WhiteElo "1915"]
[BlackElo "2208"]
[EventDate "2014.09.01"]
[Board "3"]
[PlyCount "44"]
[EventRounds "9"]
[EventCountry "COL"]

1.e4 c5 2.Nf3 d6 3.d4 cxd4 4.Nxd4 Nf6 5.Nc3 a6 6.Bc4 b5 7.Bb3 e6 8.Qf3 Qb6
9.Be3 Qb7 10.a3 Nbd7 11.Bg5 Be7 12.O-O-O Nc5 13.Rhe1 Nxb3+ 14.Nxb3 b4 15.
axb4 Qxb4 16.Rd4 Qb6 17.Red1 Rb8 18.Qg3 Kf8 19.e5 dxe5 20.Qxe5 Rb7 21.Be3 
Qc7 22.Qxc7 Rxc7 1/2-1/2

[Event "Panamericano Continental Femenino 2014"]
[Site "Centro de Convenciones. Palmira - Valle del Cauca - Colombia"]
[Date "2014.09.04"]
[Round "6"]
[White "Perez Rodriguez, Jennifer"]
[Black "Bermudez Veliz, Josselyn"]
[Result "1-0"]
[WhiteElo "2225"]
[BlackElo "1733"]
[EventDate "2014.09.01"]
[Board "4"]
[PlyCount "63"]
[EventRounds "9"]
[EventCountry "COL"]

1.e4 c5 2.c3 Nc6 3.d4 cxd4 4.cxd4 d5 5.exd5 Qxd5 6.Nf3 Nf6 7.Nc3 Qd8 8.d5 
Nb8 9.Qb3 a6 10.Be3 Nbd7 11.Be2 g6 12.O-O Bg7 13.Rfd1 O-O 14.h3 b6 15.Nd4 
Nc5 16.Qc2 Bb7 17.b4 Ncd7 18.Nc6 Qe8 19.b5 axb5 20.Bxb5 Rc8 21.Rac1 e6 22.
Qa4 Ra8 23.Qb4 Nxd5 24.Nxd5 exd5 25.Ne7+ Kh8 26.Rc7 Qb8 27.Rxd7 Rxa2 28.
Bd4 f6 29.Nxg6+ hxg6 30.Qe7 Rg8 31.Bxf6 Qf8 32.Bxg7+ 1-0

[Event "Panamericano Continental Femenino 2014"]
[Site "Centro de Convenciones. Palmira - Valle del Cauca - Colombia"]
[Date "2014.09.04"]
[Round "6"]
[White "Cayon, Laura Valentina"]
[Black "Llaudy Pupo, Lisandra"]
[Result "0-1"]
[WhiteElo "1650"]
[BlackElo "2235"]
[EventDate "2014.09.01"]
[Board "5"]
[PlyCount "60"]
[EventRounds "9"]
[EventCountry "COL"]

1.d4 Nf6 2.Nf3 e6 3.c4 b6 4.g3 Ba6 5.Qc2 Bb7 6.Bg2 c5 7.e3 Nc6 8.O-O Rc8 
9.Qe2 Ba6 10.b3 d5 11.dxc5 Bxc5 12.Rd1 Qe7 13.Bb2 O-O 14.Nbd2 Ba3 15.Bxa3 
Qxa3 16.Rdc1 Na5 17.Ne5 Rc7 18.Qd1 Rfc8 19.Bf1 b5 20.Rcb1 dxc4 21.bxc4 
Nxc4 22.Rb3 Qa5 23.Nexc4 bxc4 24.Rbb1 Rd7 25.Bxc4 Rxd2 26.Qxd2 Qxd2 27.
Bxa6 Ng4 28.Rf1 Rd8 29.h3 Nxe3 30.fxe3 Qxe3+ 0-1

[Event "Panamericano Continental Femenino 2014"]
[Site "Centro de Convenciones. Palmira - Valle del Cauca - Colombia"]
[Date "2014.09.04"]
[Round "6"]
[White "Rua, Nora"]
[Black "Orozco Lopez, Lina Yomayra"]
[Result "0-1"]
[WhiteElo "1943"]
[BlackElo "2138"]
[EventDate "2014.09.01"]
[Board "6"]
[PlyCount "54"]
[EventRounds "9"]
[EventCountry "COL"]

1.d4 Nf6 2.Nf3 c5 3.d5 d6 4.c4 b5 5.cxb5 a6 6.bxa6 Nbd7 7.Nc3 g6 8.e4 Bg7 
9.Be2 O-O 10.O-O Qb6 11.h3 h6 12.Re1 Ne8 13.Qc2 Nc7 14.b3 Bxa6 15.Bb2 Qb4 
16.Na4 Rfb8 17.Bxg7 Kxg7 18.Nb2 f6 19.Bxa6 Rxa6 20.Nd3 Qb6 21.Nf4 Nf8 22.
Nh4 Nb5 23.e5 f5 24.exd6 Qxd6 25.Nfxg6 Nd4 26.Qb2 Qf6 27.Nxe7 Nf3+ 0-1

[Event "Panamericano Continental Femenino 2014"]
[Site "Centro de Convenciones. Palmira - Valle del Cauca - Colombia"]
[Date "2014.09.04"]
[Round "6"]
[White "Richards, Deborah"]
[Black "Viveros Torres, Erica Johana"]
[Result "0-1"]
[WhiteElo "2042"]
[BlackElo "1560"]
[EventDate "2014.09.01"]
[Board "7"]
[PlyCount "32"]
[EventRounds "9"]
[EventCountry "COL"]

1.Nf3 Nf6 2.d4 g6 3.Bf4 d6 4.h3 Bg7 5.e3 O-O 6.Be2 Nbd7 7.O-O c5 8.c4 cxd4
9.exd4 b6 10.Nc3 Bb7 11.d5 Rc8 12.Rc1 Nc5 13.b4 Nce4 14.Nb5 a6 15.Nbd4 Qd7
16.Bd3 e6 0-1

[Event "Panamericano Continental Femenino 2014"]
[Site "Centro de Convenciones. Palmira - Valle del Cauca - Colombia"]
[Date "2014.09.05"]
[Round "7"]
[White "Mateus Urbano, Martha"]
[Black "Franco Valencia, Angela"]
[Result "1-0"]
[WhiteElo "2127"]
[BlackElo "2208"]
[EventDate "2014.09.01"]
[Board "1"]
[PlyCount "75"]
[EventRounds "9"]
[EventCountry "COL"]

1.e4 e5 2.Nc3 Nf6 3.f4 d5 4.fxe5 Nxe4 5.Qf3 Nxc3 6.dxc3 Bc5 7.Qg3 Bf5 8.
Bd3 Bxd3 9.cxd3 Rg8 10.d4 Be7 11.Nf3 Nc6 12.O-O Qd7 13.Ng5 Bxg5 14.Bxg5 
Qe6 15.Qf3 Rf8 16.Rad1 Qg6 17.Bh4 Qh6 18.e6 f6 19.Qxd5 Rd8 20.Qe4 Ne7 21.
d5 b5 22.Bg3 Qh5 23.Bxc7 Rxd5 24.Rxd5 Qxd5 25.Qxd5 Nxd5 26.Bd6 Rg8 27.Rf5 
Nb6 28.Rxb5 g6 29.c4 Nc8 30.Rb8 Kd8 31.c5 Re8 32.e7+ Kd7 33.Rb7+ Ke6 34.b4
a6 35.a4 h5 36.a5 h4 37.Rb6 Nxb6 38.axb6 1-0

[Event "Panamericano Continental Femenino 2014"]
[Site "Centro de Convenciones. Palmira - Valle del Cauca - Colombia"]
[Date "2014.09.05"]
[Round "7"]
[White "Romero Echeverria, Abigail"]
[Black "Perez Rodriguez, Jennifer"]
[Result "1-0"]
[WhiteElo "2089"]
[BlackElo "2225"]
[EventDate "2014.09.01"]
[Board "2"]
[PlyCount "83"]
[EventRounds "9"]
[EventCountry "COL"]

1.e4 e5 2.Nf3 Nc6 3.d4 exd4 4.Nxd4 Bb4+ 5.c3 Bc5 6.Be3 Bb6 7.Nf5 g6 8.Bxb6
axb6 9.Ne3 Nf6 10.f3 O-O 11.Be2 Re8 12.O-O Qe7 13.Kh1 d6 14.c4 h5 15.Nc3 
Bd7 16.Qd2 Kg7 17.Rac1 Rac8 18.Ncd5 Qe5 19.Rfd1 Nxd5 20.cxd5 Nd8 21.Bd3 f6
22.Rc2 Qe7 23.Qc1 c5 24.dxc6 bxc6 25.Nc4 b5 26.Nb6 Rb8 27.Nxd7 Qxd7 28.b4 
Rb6 29.Rcd2 Qe7 30.a3 Nf7 31.Bb1 Rd8 32.f4 Ra6 33.h3 Qa7 34.Qc2 Qe3 35.e5 
f5 36.exd6 Qxf4 37.d7 Qe5 38.Re2 Qf6 39.Ba2 Ng5 40.Qb3 Raa8 41.Red2 Ne6 
42.Rd6 1-0

[Event "Panamericano Continental Femenino 2014"]
[Site "Centro de Convenciones. Palmira - Valle del Cauca - Colombia"]
[Date "2014.09.05"]
[Round "7"]
[White "Franco Valencia, Beatriz Irene"]
[Black "Rivera Banqueth, Ingris"]
[Result "1-0"]
[WhiteElo "2204"]
[BlackElo "2221"]
[EventDate "2014.09.01"]
[Board "3"]
[PlyCount "87"]
[EventRounds "9"]
[EventCountry "COL"]

1.d4 Nf6 2.Nd2 g6 3.e4 d6 4.f4 Bg7 5.Ngf3 O-O 6.Bd3 c5 7.d5 Nbd7 8.O-O a6 
9.c4 b5 10.cxb5 axb5 11.Bxb5 Ba6 12.Bxa6 Rxa6 13.Re1 Qa8 14.a3 Rb8 15.Nc4 
h6 16.Qc2 Kh7 17.e5 dxe5 18.fxe5 Nxd5 19.e6 fxe6 20.Nce5 Nf8 21.Nh4 Bxe5 
22.Rxe5 Ra4 23.Rh5 Nf4 24.Rxc5 Qe4 25.Qxe4 Rxe4 26.Bxf4 Rxf4 27.g3 Ra4 28.
Rc2 Nd7 29.Rc7 Rd4 30.b4 Kg7 31.Re1 Kf7 32.Nf3 Rd3 33.Rxd7 Rxd7 34.Ne5+ 
Ke8 35.Nxd7 Kxd7 36.Kf2 Ra8 37.Ra1 Ra4 38.Ke3 Kc6 39.Kd4 Kb5 40.Kc3 Ra8 
41.Kb3 Rd8 42.a4+ Kb6 43.Re1 Rd6 44.a5+ 1-0

[Event "Panamericano Continental Femenino 2014"]
[Site "Centro de Convenciones. Palmira - Valle del Cauca - Colombia"]
[Date "2014.09.05"]
[Round "7"]
[White "Orozco Lopez, Lina Yomayra"]
[Black "Dominguez Barrios, Laura Lucia"]
[Result "1/2-1/2"]
[WhiteElo "2138"]
[BlackElo "1915"]
[EventDate "2014.09.01"]
[Board "4"]
[PlyCount "41"]
[EventRounds "9"]
[EventCountry "COL"]

1.e4 c5 2.Nf3 d6 3.d4 Nf6 4.Nc3 cxd4 5.Nxd4 g6 6.g3 Nc6 7.Nde2 h5 8.Bg5 
Bg7 9.Bg2 Bd7 10.O-O Qc8 11.Re1 Ne5 12.Nd5 Bg4 13.Bxf6 exf6 14.Ne3 O-O 15.
Nxg4 hxg4 16.c3 Qc5 17.Nf4 Rfd8 18.Nd5 a6 19.Ne3 Qb5 20.Rb1 Qd7 21.Qd5 
1/2-1/2

[Event "Panamericano Continental Femenino 2014"]
[Site "Centro de Convenciones. Palmira - Valle del Cauca - Colombia"]
[Date "2014.09.05"]
[Round "7"]
[White "Llaudy Pupo, Lisandra"]
[Black "Bermudez Veliz, Josselyn"]
[Result "0-1"]
[WhiteElo "2235"]
[BlackElo "1733"]
[EventDate "2014.09.01"]
[Board "5"]
[PlyCount "96"]
[EventRounds "9"]
[EventCountry "COL"]

1.e4 c5 2.Nf3 Nc6 3.Bb5 g6 4.O-O Bg7 5.c3 Qc7 6.Re1 d6 7.d4 a6 8.Ba4 b5 9.
Bb3 Nf6 10.e5 dxe5 11.dxe5 Ng4 12.Bf4 c4 13.Bc2 O-O 14.Be4 Bb7 15.h3 Rad8 
16.Qe2 Nh6 17.Qe3 Nf5 18.Qc1 e6 19.Na3 Nb8 20.Nc2 Bxe4 21.Rxe4 Nc6 22.g4 
Nfe7 23.h4 Rd5 24.Qe3 Rfd8 25.Qe2 Qb7 26.Re1 h6 27.Ncd4 Nxd4 28.Nxd4 Nc6 
29.Nxc6 Qxc6 30.Kh2 Rd3 31.Re3 Rd2 32.Qf3 Qxf3 33.Rxf3 Rxb2 34.Ra1 Rd5 35.
a4 Rd3 36.Kg3 Rxf3+ 37.Kxf3 Rb3 38.axb5 Rxc3+ 39.Ke4 axb5 40.Ra8+ Kh7 41.
Ra7 b4 42.Rxf7 b3 43.Rb7 Rc2 44.Be3 b2 45.Bc5 c3 46.Ba3 Rc1 47.Bxb2 cxb2 
48.Rxb2 Re1+ 0-1

[Event "Panamericano Continental Femenino 2014"]
[Site "Centro de Convenciones. Palmira - Valle del Cauca - Colombia"]
[Date "2014.09.05"]
[Round "7"]
[White "Cardoso Cardoso, Jaidy Marcela"]
[Black "Viveros Torres, Erica Johana"]
[Result "0-1"]
[WhiteElo "1708"]
[BlackElo "1560"]
[EventDate "2014.09.01"]
[Board "6"]
[PlyCount "50"]
[EventRounds "9"]
[EventCountry "COL"]

1.d4 Nf6 2.c4 g6 3.Nc3 d5 4.cxd5 Nxd5 5.e4 Nxc3 6.bxc3 Bg7 7.Bc4 c5 8.Be3 
O-O 9.Ne2 cxd4 10.cxd4 Nc6 11.O-O Bd7 12.h3 Rc8 13.Rc1 Kh8 14.f4 f5 15.e5 
e6 16.d5 exd5 17.Bxd5 b6 18.e6 Be8 19.Bxc6 Bxc6 20.Bd4 Qd5 21.Bxg7+ Kxg7 
22.Qxd5 Bxd5 23.Nd4 Kf6 24.Rfe1 Rxc1 25.Rxc1 Re8 0-1

[Event "Panamericano Continental Femenino 2014"]
[Site "Centro de Convenciones. Palmira - Valle del Cauca - Colombia"]
[Date "2014.09.05"]
[Round "8"]
[White "Franco Valencia, Beatriz Irene"]
[Black "Mateus Urbano, Martha"]
[Result "1-0"]
[WhiteElo "2204"]
[BlackElo "2127"]
[EventDate "2014.09.01"]
[Board "1"]
[PlyCount "87"]
[EventRounds "9"]
[EventCountry "COL"]

1.d4 d5 2.Nf3 Nf6 3.g3 e6 4.Bg2 c5 5.O-O Nc6 6.c4 cxd4 7.Nxd4 Qb6 8.Nxc6 
bxc6 9.Nc3 Be7 10.Qc2 O-O 11.Na4 Qa6 12.c5 e5 13.b4 Rb8 14.a3 g6 15.Bb2 
Bf5 16.Qd1 Nd7 17.e4 dxe4 18.g4 Be6 19.Bxe4 Rbd8 20.Bd3 Bc4 21.Bxc4 Qxc4 
22.Rc1 Qe6 23.Qe2 f5 24.Qc4 Qxc4 25.Rxc4 fxg4 26.Nc3 h5 27.Ne4 Rf5 28.Rd1 
Nf6 29.Rxd8+ Bxd8 30.Nxf6+ Rxf6 31.a4 a6 32.Bxe5 Re6 33.Bd6 Re1+ 34.Kg2 
Ra1 35.b5 axb5 36.axb5 cxb5 37.Rf4 Bg5 38.Rf8+ Kg7 39.c6 h4 40.h3 gxh3+ 
41.Kxh3 Rc1 42.Rc8 Rc2 43.c7 b4 44.Rb8 1-0

[Event "Panamericano Continental Femenino 2014"]
[Site "Centro de Convenciones. Palmira - Valle del Cauca - Colombia"]
[Date "2014.09.05"]
[Round "8"]
[White "Viveros Torres, Erica Johana"]
[Black "Romero Echeverria, Abigail"]
[Result "0-1"]
[WhiteElo "1560"]
[BlackElo "2089"]
[EventDate "2014.09.01"]
[Board "2"]
[PlyCount "104"]
[EventRounds "9"]
[EventCountry "COL"]

1.e4 c5 2.Nf3 e6 3.Nc3 a6 4.d4 cxd4 5.Nxd4 Qc7 6.f4 b5 7.Bd2 Bb7 8.Bd3 Nf6
9.e5 b4 10.Nce2 Nd5 11.Rf1 Bc5 12.Nb3 Ne3 13.Qc1 Nxf1 14.Kxf1 Be7 15.Ng3 
d6 16.Bxb4 dxe5 17.Bxe7 Qxe7 18.fxe5 Nd7 19.Qe3 h5 20.Be4 Bxe4 21.Qxe4 Rb8
22.Rd1 h4 23.Ne2 Rh5 24.Ned4 Rxe5 25.Qh7 Qf6+ 26.Kg1 Qg5 27.Rf1 Nf8 28.Qg8
Rb7 29.h3 Re3 30.Nf3 Qg3 31.Nbd4 Re4 32.Kh1 Rd7 33.c3 Qg6 34.Nd2 Re3 35.
Nc4 Re4 36.Nd2 Re5 37.N2f3 Rh5 38.a3 Qh7 39.Qxh7 Nxh7 40.Kg1 Ng5 41.Nh2 
Rb7 42.b4 Ne4 43.Rc1 Rd5 44.Nhf3 e5 45.Nc6 f6 46.Na5 Rbd7 47.Kh2 g5 48.a4 
Rd1 49.Rc2 Ng3 50.Ng1 Rb1 51.Nc4 Rdd1 52.Nd2 Rxg1 0-1

[Event "Panamericano Continental Femenino 2014"]
[Site "Centro de Convenciones. Palmira - Valle del Cauca - Colombia"]
[Date "2014.09.05"]
[Round "8"]
[White "Franco Valencia, Angela"]
[Black "Orozco Lopez, Lina Yomayra"]
[Result "1-0"]
[WhiteElo "2208"]
[BlackElo "2138"]
[EventDate "2014.09.01"]
[Board "3"]
[PlyCount "99"]
[EventRounds "9"]
[EventCountry "COL"]

1.e4 c5 2.Nf3 a6 3.c4 e6 4.d4 cxd4 5.Nxd4 Nf6 6.f3 d6 7.Nc3 Be7 8.Be3 Nbd7
9.Be2 O-O 10.O-O Qc7 11.Rc1 b6 12.Qe1 Bb7 13.Qf2 Rfe8 14.Rfd1 Rac8 15.b4 
Qb8 16.Nb3 d5 17.exd5 exd5 18.c5 Bf8 19.Bd4 Qf4 20.Na4 Re6 21.Bd3 Rce8 22.
a3 Ne5 23.Bxe5 Rxe5 24.Nxb6 Rh5 25.g3 Qc7 26.Re1 Rb8 27.Qd4 Rh6 28.Na5 Nd7
29.Nxd5 Bxd5 30.Qxd5 Nxc5 31.Rxc5 Bxc5+ 32.Qxc5 Qd7 33.Bc4 Rd8 34.Qe3 Rc8 
35.Qe7 Qd4+ 36.Kg2 Rf8 37.Re2 Rf6 38.Qe3 Qa1 39.Qd3 h5 40.h4 Ra8 41.Nb7 g6
42.Nc5 Kg7 43.Nb3 Qxa3 44.Qc3 Rc8 45.Re7 Qa2+ 46.Kh3 Rf8 47.Nd2 Qa4 48.Ne4
Qd1 49.Qxf6+ Kh6 50.Nf2 1-0

[Event "Panamericano Continental Femenino 2014"]
[Site "Centro de Convenciones. Palmira - Valle del Cauca - Colombia"]
[Date "2014.09.05"]
[Round "8"]
[White "Bermudez Veliz, Josselyn"]
[Black "Dominguez Barrios, Laura Lucia"]
[Result "1-0"]
[WhiteElo "1733"]
[BlackElo "1915"]
[EventDate "2014.09.01"]
[Board "4"]
[PlyCount "125"]
[EventRounds "9"]
[EventCountry "COL"]

1.Nf3 Nf6 2.d4 g6 3.Bf4 Bg7 4.e3 O-O 5.Be2 d6 6.h3 Nbd7 7.O-O c5 8.c4 cxd4
9.exd4 b6 10.Nc3 Bb7 11.Rc1 Rc8 12.b3 Re8 13.d5 Nc5 14.Qd2 Nce4 15.Nxe4 
Nxe4 16.Qe3 Nf6 17.Qd3 Qd7 18.Rfe1 Ba6 19.Nd2 Rc5 20.Bf3 b5 21.b4 bxc4 22.
Qa3 c3 23.bxc5 cxd2 24.Bxd2 Bc8 25.c6 Qc7 26.Ba5 Qb8 27.Rb1 Qa8 28.Bc7 Bf5
29.Rb7 a6 30.g4 Bc8 31.Rb3 h6 32.Reb1 Nh7 33.Qa4 Rf8 34.Bb6 Nf6 35.Bd4 a5 
36.Bb6 h5 37.Qxa5 Qxa5 38.Bxa5 hxg4 39.hxg4 Bh6 40.Bc3 Ne8 41.Be2 Nc7 42.
Bf3 Na6 43.a3 Bf4 44.Bd4 Bg5 45.Be3 Bf6 46.g5 Be5 47.Be2 Nc7 48.f4 Bh8 49.
Bf3 Na6 50.Bb6 e6 51.Re1 Re8 52.Bg4 Kf8 53.Rbe3 e5 54.Bxc8 Rxc8 55.fxe5 
Bxe5 56.Rxe5 dxe5 57.Rxe5 Nb8 58.a4 Kg7 59.a5 Kf8 60.c7 Nd7 61.Re3 Ra8 62.
d6 Rc8 63.Re7 1-0

[Event "Panamericano Continental Femenino 2014"]
[Site "Centro de Convenciones. Palmira - Valle del Cauca - Colombia"]
[Date "2014.09.05"]
[Round "8"]
[White "Perez Rodriguez, Jennifer"]
[Black "Llaudy Pupo, Lisandra"]
[Result "1/2-1/2"]
[WhiteElo "2225"]
[BlackElo "2235"]
[EventDate "2014.09.01"]
[Board "5"]
[PlyCount "67"]
[EventRounds "9"]
[EventCountry "COL"]

1.d4 Nf6 2.Bg5 e6 3.Nd2 h6 4.Bh4 c5 5.e3 Nc6 6.c3 d6 7.Bd3 Be7 8.Ngf3 O-O 
9.O-O b6 10.Qe2 Bb7 11.Rad1 Nh5 12.Bxe7 Qxe7 13.Ne1 Nf6 14.dxc5 dxc5 15.
Nef3 Rad8 16.e4 e5 17.Nc4 b5 18.Ne3 c4 19.Bb1 Qc5 20.Nd5 Nh7 21.Nh4 Bc8 
22.Qe3 Qxe3 23.Nxe3 Ne7 24.Rfe1 f6 25.Nf3 Kf7 26.Kf1 Rfe8 27.Bc2 Be6 28.
Ke2 Nf8 29.Rxd8 Rxd8 30.Rd1 Rxd1 31.Kxd1 Nd7 32.Nd2 Nc5 33.f3 a6 34.Ke2 
1/2-1/2

[Event "Panamericano Continental Femenino 2014"]
[Site "Centro de Convenciones. Palmira - Valle del Cauca - Colombia"]
[Date "2014.09.05"]
[Round "8"]
[White "Cayon, Laura Valentina"]
[Black "Rua, Nora"]
[Result "1/2-1/2"]
[WhiteElo "1650"]
[BlackElo "1943"]
[EventDate "2014.09.01"]
[Board "7"]
[PlyCount "29"]
[EventRounds "9"]
[EventCountry "COL"]

1.d4 Nf6 2.Nf3 c5 3.Nc3 cxd4 4.Nxd4 Nc6 5.e4 e5 6.Nb3 Bb4 7.Bd3 O-O 8.Bg5 
h6 9.Bh4 Be7 10.Bg3 d6 11.O-O Re8 12.Qd2 Nh5 13.Nd5 Bg5 14.Qd1 Nxg3 15.
fxg3 1/2-1/2